| 000 | 00833 a2200229 4500 | ||
|---|---|---|---|
| 001 | 125280 | ||
| 020 | _a9780132058209 | ||
| 040 | _cEscola Canadense de Niteroi | ||
| 090 | _aLIT | ||
| 100 | _aLittle, Jean | ||
| 245 | 1 | 0 | _aRescue Pup |
| 250 | _aFirst Edition | ||
| 300 | _c3 x 19 x 0,5 cm | ||
| 362 | 0 | _a2004 | |
| 490 | 0 | _aLiteracy in Action | |
| 520 | _aShakespeare is a Seeing Eye puppy. But before the time comes for him to train with a blind person, he must spend six months with a girl who has never learned to love. He does all he can to teach her, but the job places him in some dangerous situations and by the end of the story he has earned the title Rescue Pup. | ||
| 650 | 4 | _aJuvenile Literature | |
| 650 | 4 | _aLife Lessons | |
| 650 | 4 | _aWorking dogs | |
| 650 | 4 | _aHuman and Animal Relations | |
| 942 | _cBK | ||
| 999 |
_c125280 _d125280 |
||